| 000 | 00631nam a2200217Ia 4500 | ||
|---|---|---|---|
| 003 | OSt | ||
| 005 | 20220926040719.0 | ||
| 006 | a|||||r|||| 00| 0 | ||
| 007 | ta | ||
| 008 | 220923b |||||||| |||| 00| 0 eng d | ||
| 037 | _cGeneral Book | ||
| 040 |
_aRTL _cRTL _beng |
||
| 041 |
_2eng _aeng |
||
| 082 | _aX:9:(Z2or73).N6, K6 | ||
| 100 |
_aAggarwal Arjun P. _9128461 |
||
| 245 | 0 | _aIndian and American labor legislation and practice | |
| 650 | _aLabor Laws | ||
| 700 |
_a Gupta Brijen K. _960657 |
||
| 942 |
_hX:9:(Z2or73).N6, K6 _cGB _2CC |
||
| 999 |
_c665469 _d665469 |
||